000 00339nam a2200145Ia 4500
005 20251222152659.0
008 251222s9999||||xx |||||||||||||| ||spa||
020 _a8434520621
082 _a610/F84
100 _aFriedman, Harold
245 0 _aManual de Diagnóstico Médico
250 _a2da.ed.
264 _bSalvat S.A
942 _cLIB
999 _c28741
_d28741